Statistics for Top 5 Countries With the Most National Parks by Region

Click here to take the quiz!

General Stats

  • This quiz has been taken 23 times
  • The average score is 27 of 30

Answer Stats

Rank# of National ParksAnswer% Correct
537Argentina
100%
172Brazil
100%
347Canada
100%
441Chile
100%
260Colombia
100%
167Mexico
100%
148Russia
100%
262United States
100%
1685Australia
95%
529Costa Rica
95%
340Finland
95%
454Indonesia
95%
525Italy
95%
213New Zealand
95%
247Norway
95%
38Papua New Guinea
95%
521South Africa
95%
430Sweden
95%
1147Thailand
95%
346Venezuela
95%
2116India
90%
424Kenya
90%
440Bahamas
86%
53Samoa
86%
543Turkey
86%
44Tonga
81%
326Madagascar
76%
128Zambia
76%
227Cameroon
48%
369Israel
48%

Score Distribution

Percentile by Number Answered

Percent of People with Each Score

Your Score History

You have not taken this quiz